| 000 | 06574cam a22019454i 4500 | ||
|---|---|---|---|
| 003 | PE-LiUPU | ||
| 005 | 20250813165851.0 | ||
| 008 | 150706s2011 pe a rb 000 0 spa d | ||
| 020 | _a9786124604522 | ||
| 035 | _a(Sirsi) i9786124604522 | ||
| 040 |
_aPE-LiUPU _bspa _cPE-LiUPU _erda |
||
| 049 | _aPRUA | ||
| 082 | 0 | 4 |
_a657.028 _bE27 _221 |
| 082 | 0 | 4 |
_a657.028 _bE27 2011 |
| 100 | 1 |
_aEffio Pereda, Fernando, _eautor. |
|
| 245 | 1 | 0 |
_aNIIF para las PYMES / _cFernando, Effio Pereda. |
| 250 | _aPrimera edición. | ||
| 264 | 1 |
_aLima : _bEntrelíneas, _c2011. |
|
| 300 |
_a414 páginas : _bilustraciones ; _c25 centimetros |
||
| 336 |
_atext _2rdacontent |
||
| 337 |
_aunmediated _2rdamedia |
||
| 338 |
_avolume _2rdacarrier |
||
| 505 | 0 | _aCuestiones generales -- Norma que oficializa la NIIF para las Pymes -- Contenido de la NIIF para las Pymes -- Pequeñas y medianas entidades -- Conceptos y principios generales -- Presentación de estados financieros -- Estado de situación financiera -- Estado del resultado integral y estado de resultados -- Estado de cambios en el patrimonio y estado de resultados y ganancias acumuladas -- Estado de flujos de efectivo -- Notas a los estados financieros -- Estados financieros consolidados y separados -- Políticas contables, estimaciones y errores -- Instrumentos financieros básicos -- Otros temas relacionados con los instrumentos financieros -- Inventarios -- Inversiones en Asociadas -- Inversiones en negocios conjuntos -- Propiedades de inversión -- Propiedades, planta y equipo -- Activos intangibles distintos de la plusvalía -- Combinaciones de negocio y plusvalía -- Arrendamientos -- Provisiones y contingencias -- Pasivos y patrimonio -- Ingresos de actividades ordinarias -- Subvenciones de gobierno -- Costos por préstamos -- Pagos basados en acciones -- Deterioro del valor de los activos -- Beneficios a los empleados -- Impuesto a las ganancias -- Conversión de la moneda extranjera -- Hiperinflación -- Hechos ocurridos después del periodo sobre el que se informa -- Informaciones a revelar sobre partes relacionadas. | |
| 526 | _aP203 | ||
| 526 | _aP200 | ||
| 526 | _aSEG65 | ||
| 526 | _aSEG64 | ||
| 526 | _aSEG63 | ||
| 526 | _aSEG62 | ||
| 526 | _aSEG61 | ||
| 526 | _aSEG60 | ||
| 526 | _aSEG59 | ||
| 526 | _aSEG58 | ||
| 526 | _aSEG57 | ||
| 526 | _aSEG56 | ||
| 526 | _aSEG55 | ||
| 526 | _aSEG54 | ||
| 526 | _aSEG53 | ||
| 526 | _aSEG52 | ||
| 526 | _aSEG51 | ||
| 526 | _aSEG50 | ||
| 526 | _aSEG49 | ||
| 526 | _aSEG48 | ||
| 526 | _aSEG47 | ||
| 526 | _aSEG46 | ||
| 526 | _aSEG24 | ||
| 526 | _aSEG23 | ||
| 526 | _aSEG22 | ||
| 526 | _aSEG21 | ||
| 526 | _aSEG20 | ||
| 526 | _aSEG19 | ||
| 526 | _aSEG18 | ||
| 526 | _aSEG17 | ||
| 526 | _aSEG16 | ||
| 526 | _aSEG14 | ||
| 526 | _aSEG13 | ||
| 526 | _aSEG12 | ||
| 526 | _aSEG11 | ||
| 526 | _aSEG10 | ||
| 526 | _aSEG09 | ||
| 526 | _aSEG06 | ||
| 526 | _aSEG05 | ||
| 526 | _aSEG04 | ||
| 526 | _aSEG03 | ||
| 526 | _aSEG02 | ||
| 526 | _aSEG68 | ||
| 526 | _aSEG66 | ||
| 526 | _aSEG45 | ||
| 526 | _aSEG25 | ||
| 526 | _aSEG01 | ||
| 526 | _aP163 | ||
| 526 | _aP162 | ||
| 526 | _aP161 | ||
| 526 | _aP160 | ||
| 526 | _aP159 | ||
| 526 | _aP158 | ||
| 526 | _aP157 | ||
| 526 | _aP156 | ||
| 526 | _aP155 | ||
| 526 | _aP154 | ||
| 526 | _aP153 | ||
| 526 | _aP152 | ||
| 526 | _aP151 | ||
| 526 | _aP150 | ||
| 526 | _aP149 | ||
| 526 | _aP142 | ||
| 526 | _aP141 | ||
| 526 | _aP140 | ||
| 526 | _aP139 | ||
| 526 | _aP138 | ||
| 526 | _aP137 | ||
| 526 | _aP132 | ||
| 526 | _aP131 | ||
| 526 | _aP130 | ||
| 526 | _aP126 | ||
| 526 | _aP125 | ||
| 526 | _aP124 | ||
| 526 | _aP123 | ||
| 526 | _aP115 | ||
| 526 | _aP122 | ||
| 526 | _aP121 | ||
| 526 | _aP116 | ||
| 526 | _a P114 | ||
| 526 | _aP112 | ||
| 526 | _aP111 | ||
| 526 | _aP104 | ||
| 526 | _aP103 | ||
| 526 | _aP102 | ||
| 526 | _aP101 | ||
| 526 | _aP100 | ||
| 526 | _aP96 | ||
| 526 | _aP95 | ||
| 526 | _aP93 | ||
| 526 | _aP92 | ||
| 526 | _aP91 | ||
| 526 | _aP88 | ||
| 526 | _aP83 | ||
| 526 | _aP82 | ||
| 526 | _aP79 | ||
| 526 | _aP78 | ||
| 526 | _aP75 | ||
| 526 | _aP74 | ||
| 526 | _aP71 | ||
| 526 | _aP69 | ||
| 526 | _a P51 | ||
| 526 | _aP49 | ||
| 526 | _aP48 | ||
| 526 | _aP47 | ||
| 526 | _aP33 | ||
| 526 | _aP31 | ||
| 526 | _a P30 | ||
| 526 | _aP29 | ||
| 526 | _aP27 | ||
| 526 | _aP26 | ||
| 526 | _aP25 | ||
| 526 | _aP24 | ||
| 526 | _a P22 | ||
| 526 | _aP10 | ||
| 526 | _aP09 | ||
| 526 | _a P08 | ||
| 526 | _aP06 | ||
| 526 | _aP05 | ||
| 526 | _aP04 | ||
| 526 | _aP01 | ||
| 541 | _g001-0035618; | ||
| 541 | _g001-0035618; | ||
| 650 | 0 | 4 |
_aPequeñas empresas _xContabilidad. |
| 650 | 0 | 4 |
_aContabilidad _xNormas. |
| 650 | 0 | 4 |
_aEstados financieros _xNormas. _93708 |
| 650 | 0 | 4 |
_aContabilidad _xPerú. |
| 910 |
_agl _bjv _clch _d20120730 |
||
| 910 |
_btqv _cwelc _d20180522 |
||
| 942 |
_2ddc _cBOOK |
||
| 949 |
_a657.028 E27 _wDEWEY _c1 _i65134 _lCCODEBUL1 _mBUL _p34.00 _r0 _sY _tBOOK _u2015-7-6 _xFCE _PP08 _o.STAFF. Colección General |
||
| 949 |
_a657.028 E27 _wDEWEY _c2 _i65135 _lCCODEBUL1 _mBUL _p34.00 _r0 _sY _tBOOK _u2015-7-6 _xFCE _PP04 _o.STAFF. Colección General |
||
| 949 |
_a657.028 E27 2011 _wDEWEY _c1 _iFJ00354 _lCCODEBUJ1 _mBCj _p34.00 _r0 _sY _tBOOK _u2016-06-13 _xFCE _PP08 _0COMPRA _o.STAFF. Colección General Juliaca |
||
| 949 |
_a657.028 E27 2011 _wDEWEY _c2 _iFJ10864 _lCCODEBUJ1 _mBUJ _p34.00 _r0 _sY _tBOOK _u2018-05-22 _xFCE _PP08 _0COMPRA _o.STAFF. Colección General Juliaca |
||
| 994 |
_aC0 _bPEPRU |
||
| 596 | _a1 3 | ||
| 999 |
_a657.028 E27 _wDEWEY _c53781 _i65134 _d53781 _e2016-10-3 _f2021-11-5 _g6 _lCCODEBUL1 _mBUL _n1 _p34.00 _q1 _r0 _sY _tBOOK _u2015-7-6 _xFCE _PP08 _0COMPRA _o.STAFF. Colección General |
||
| 999 |
_a657.028 E27 _wDEWEY _c2 _i65135 _d2018-3-28 _e2018-3-26 _f2021-11-5 _g6 _lCCODEBUL1 _mBUL _n2 _p34.00 _r0 _sY _tBOOK _u2015-7-6 _xFCE _PP04 _0COMPRA _o.STAFF. Colección General |
||
| 999 |
_a338.64 E27 2011 _wDEWEY _c1 _iFJ00354 _d2017-4-19 _e2017-4-19 _f2022-1-18 _g5 _lCCODEBUJ1 _mBUJ _n1 _p34.00 _r0 _sY _tBOOK _u2016-6-13 _xFCE _PP08 _0COMPRA _o.STAFF. Colección General Juliaca |
||
| 999 |
_a338.64 E27 2011 _wDEWEY _c2 _iFJ10864 _d2018-5-23 _f2022-1-18 _g3 _lCCODEBUJ1 _mBUJ _p34.00 _q1 _r0 _sY _tBOOK _u2015-10-6 _xFCE _PP04 _0COMPRA _o.STAFF. Colección General Juliaca |
||
| 980 |
_81 _gALBERTO SANCHEZ Responsable de Automatización |
||